Responses for Show #7392 - Tuesday, November 1, 2016

Contestants

[<< previous game]

Denver Wade, an English teacher from Westfield, Indiana

Vivek Ravishanker, a freelance consultant from Higganum, Connecticut

Thea Lawton, a nonprofit resource development specialist from Anchorage, Alaska (whose 1-day cash winnings total $24,400)

[next game >>]

Jeopardy! Round responses

NASCAR FROM THE DRIVER'S SEAT
GEOGRAPHIC NICKNAMES
ADVERTISING
THAT'S AWFUL GRIMM
YOU'RE THE TOP
E BEFORE I, BUT NO C DO I SPY
    $200 26
(Alex: ...with less than a minute.)

a restart

Vivek
    $200 6
Scotland

Thea
    $200 21
the Pink Panther

Vivek
    $200 1
Hansel & Gretel

Denver
    $200 11
the Yankees

Thea
    $200 16
a neighbor

Vivek
    $400 27
Dale Earnhardt Jr.

Denver
    $400 7
Jerusalem

Vivek
    $400 22
a (little) red Corvette

Thea
    $400 2
the hen

Triple Stumper
    $400 12
the Gulf of Mexico

Denver
    $400 17
a heist

Thea
    $600 28
Tony Stewart

Denver
    $600 8
Machu Picchu

Denver
    $600 23
Hawaiian Punch

Triple Stumper
    $600 3
(Vivek: Who is Goldilocks?)

Snow White

TheaVivek
    $600 13
a restaurant

Denver
    $600 18
beige

Vivek
    $800 29
Talladega

Vivek
    $800 9
Mount Fuji

Thea
    $800 24
Juan Valdez

Denver
    $800 4
the stepmother

Triple Stumper
    $800 14
(Thea: What is coffee, or--)
(Alex: No.)
(Thea: [*]?)
(Alex: Oh, okay. You corrected yourself in time.)

caffeine

Thea
    $800 19
deity

Vivek
    $1000 30
Jeff Gordon

Denver
    $1000 10
Worms

Triple Stumper
    $2,600 25
(Alex: Denver?)
(Denver: Who is Alexander Hamilton?)
(Alex: Gosh, you're so close. Who is his nemesis, [*]? Yeah, darn it.)

Aaron Burr

Denver
    $1000 5
"Cinderella"

Thea
    $1000 15
the Stratosphere

Vivek
    $1000 20
forfeiture

Vivek

Scores at the first commercial break (after clue 15):

Thea Vivek Denver
$3,600 $800 $1,800

Scores at the end of the Jeopardy! Round:

Thea Vivek Denver
$4,400 $4,600 $2,000

Double Jeopardy! Round responses

REPTILES
THE 19th CENTURY
MISS-ING YOU
PULITZER PRIZE WINNERS
CAN I HAVE A WORD?
MTV MOVIE AWARDS: BEST KISS WINNERS
    $400 26
(Alex: With less than a minute to go now, you are right.)

the Galápagos

Thea
    $400 21
(Vivek: What is heroin?)

opium

Vivek
Triple Stumper
    $400 1
Miss Piggy

Thea
    $400 6
Ferguson (Missouri)

Denver
    $400 11
red

Thea
    $400 16
(Robert) Pattinson

Vivek
    $800 27
a boa

Vivek
    $800 22
the Boer War

Vivek
    $800 2
Miss Universe

Vivek
    $800 7
the Apollo

Vivek
    $800 12
the bagpipes

Denver
    $800 17
Heath Ledger

Thea
    $3,200 28
the Komodo dragon

Vivek
    $1200 23
(Thea: What is the Louisiana Purchase?)
(Denver: What is the Alaskan Purchase?)

the Gadsden Purchase

TheaDenver
Triple Stumper
    $1200 3
Miss Saigon

Thea
    $3,000 8
the NSA (National Security Agency)

Vivek
    $1200 13
a horseshoe

Triple Stumper
    $1200 18
(Kirsten) Dunst

Vivek
    $1600 29
the Gila monster

Thea
    $1600 24
Cleveland

Vivek
    $1600 4
Miss Manners

Thea
    $1600 9
Profiles in Courage

Thea
    $1600 14
a deluge

Thea
    $1600 19
(Vivek: Who is Thompson?)
(Thea: [*].)
...
(Alex: Yes. I have to rule against you because you did not phrase it in the form of a question.)

Gwyneth Paltrow

TheaVivekDenver
    $2000 30
a caiman

Thea
    $2000 25
Baltimore

Denver
    $2000 5
Miss Julie

Thea
    $2000 10
the Goon Squad

Thea
    $2000 15
lachrymose

Thea
    $2000 20
(Ryan) Gosling

Vivek

Scores at the end of the Double Jeopardy! Round:

Thea Vivek Denver
$19,200 $17,200 $5,600

[wagering suggestions for these scores]

Final Jeopardy! Round responses

EUROPEAN COUNTRIES
DenverWhat is Albania?
$5,600
VivekWhat is Albania?
$5,999
TheaWhat is France?
$17,300
Albania

Final scores:

Thea Vivek Denver
$1,900 $23,199 $11,200
3rd place: $1,000 New champion: $23,199 2nd place: $2,000

Game dynamics:

Coryat scores:

Thea Vivek Denver
$19,200 $13,400 $8,200
21 R,
2 W
19 R
(including 2 DDs),
3 W
12 R,
2 W
(including 1 DD)

Combined Coryat: $40,800

[game clues] [game scores] [suggest correction]

Game tape date: Unknown
The J! Archive is created by fans, for fans. Scraping, republication, monetization, and malicious use prohibited; this site may use cookies and collect identifying information. See terms. The Jeopardy! game show and all elements thereof, including but not limited to copyright and trademark thereto, are the property of Jeopardy Productions, Inc. and are protected under law. This website is not affiliated with, sponsored by, or operated by Jeopardy Productions, Inc. Join the discussion at JBoard.tv.